[Event "2MCRE_F"]
[Site "?"]
[Date "2003.??.??"]
[Round "?"]
[White "Privoznik, Lubos"]
[Black "Koci, Vladimir"]
[Result "1-0"]
[WhiteElo "2249"]
[BlackElo "2243"]
[PlyCount "79"]
[EventDate "2003.??.??"]
[EventType "corr"]
[SourceDate "2003.09.09"]

1. Nf3 Nf6 2. c4 e6 3. Nc3 d5 4. d4 c5 5. cxd5 Nxd5 6. e4 Nxc3 7. bxc3 Be7 8.
Bd3 O-O 9. O-O b6 10. Qe2 Bb7 11. Rd1 cxd4 12. cxd4 Nc6 13. Bb2 Nb4 14. Bc4 Rc8
15. a3 Nc2 16. Rac1 Nxa3 17. Ba6 Bxa6 18. Qxa6 Nc2 19. Qxa7 Qd6 20. d5 exd5 21.
Be5 Qa3 22. Qb7 dxe4 23. Nd4 Nxd4 24. Rxc8 Qb3 25. Re1 Ne2+ 26. Kh1 Qb4 27. Rd1
h6 28. h3 Qa5 29. Qb8 Kh7 30. Rxf8 Bxf8 31. Qxf8 Qxe5 32. Qxf7 b5 33. Qd5 Qxd5
34. Rxd5 Nc3 35. Rc5 b4 36. Rc4 Kg6 37. Rxb4 Kf5 38. g4+ Kf4 39. Kg2 Nd5 40.
Rb7 1-0

[Event "2MCRE_F"]
[Site "?"]
[Date "2003.??.??"]
[Round "?"]
[White "Koci, Vladimir"]
[Black "Sykora, Josef"]
[Result "0-1"]
[WhiteElo "2243"]
[BlackElo "2365"]
[PlyCount "100"]
[EventDate "2003.??.??"]
[EventType "corr"]
[SourceDate "2003.09.09"]

1. d4 Nf6 2. Nf3 g6 3. Bf4 Bg7 4. e3 O-O 5. Nbd2 d6 6. c3 Nbd7 7. Be2 c5 8. Qc2
a6 9. h3 Qc7 10. O-O b5 11. Rac1 Bb7 12. e4 e5 13. dxe5 dxe5 14. Be3 Qc6 15. c4
b4 16. Rfd1 Rfd8 17. Bd3 Nh5 18. Nb3 a5 19. Bf1 Nhf6 20. Rd5 Qc7 21. Nfd2 Rdc8
22. Qd1 Bf8 23. Rc2 Nxd5 24. cxd5 a4 25. Nc1 f5 26. f3 f4 27. Bf2 Qd6 28. Bb5
Nb6 29. Nd3 Ra5 30. Nc4 Nxc4 31. Bxc4 Qf6 32. Qe1 Bd6 33. h4 Kh8 34. a3 Raa8
35. g4 fxg3 36. Bxg3 Rg8 37. Qe3 g5 38. h5 Rab8 39. Bb5 bxa3 40. bxa3 Bxd5 41.
exd5 Rxb5 42. Bxe5 Bxe5 43. Qxe5 Qxe5 44. Nxe5 Kg7 45. d6 Rd8 46. Nc4 Kf6 47.
Re2 Rb3 48. Kf2 h6 49. Re4 Rd3 50. Ke2 Rd5 0-1

[Event "2MCRE_F"]
[Site "?"]
[Date "2003.??.??"]
[Round "?"]
[White "Prepiora, Vaclav"]
[Black "Vozda, Jindrich"]
[Result "1/2-1/2"]
[WhiteElo "2362"]
[BlackElo "2494"]
[PlyCount "107"]
[EventDate "2003.??.??"]
[EventType "corr"]
[SourceDate "2003.09.09"]

1. e4 e5 2. Nf3 Nc6 3. Bb5 a6 4. Ba4 Nf6 5. O-O Bc5 6. c3 b5 7. Bb3 Bb6 8. d4
d6 9. Bg5 h6 10. Bh4 Bb7 11. Re1 O-O 12. a4 exd4 13. cxd4 Re8 14. axb5 axb5 15.
Rxa8 Bxa8 16. Qd3 Na5 17. Bxf6 Qxf6 18. Bc2 g5 19. Qxb5 Bc6 20. Qe2 g4 21. Nfd2
Qxd4 22. Nc3 h5 23. Nf1 d5 24. Ng3 dxe4 25. Bxe4 Kf8 26. Rd1 Qe5 27. Qd2 Re6
28. Qd8+ Be8 29. Qd3 Rd6 30. Qc2 Rxd1+ 31. Nxd1 Nb7 32. Qd2 Nd6 33. Bd3 Bc6 34.
Qh6+ Ke7 35. Be2 f5 36. Nc3 Qc5 37. Nh1 Be8 38. Qg5+ Kd7 39. Na4 Qd4 40. Nxb6+
cxb6 41. Ng3 Qxb2 42. h4 b5 43. Bf1 Qe5 44. Nxh5 Ne4 45. Qg7+ Ke6 46. Qh6+ Kd7
47. Qg7+ Qxg7 48. Nxg7 Nd6 49. Nxe8 Kxe8 50. Bd3 Kf7 51. g3 Ke6 52. Kf1 Ke5 53.
Ke2 b4 54. Ke3 1/2-1/2

[Event "2MCRE_F"]
[Site "?"]
[Date "2003.??.??"]
[Round "?"]
[White "Kohler, Josef"]
[Black "Koci, Vladimir"]
[Result "1/2-1/2"]
[WhiteElo "2256"]
[BlackElo "2243"]
[PlyCount "120"]
[EventDate "2003.??.??"]
[EventType "corr"]
[SourceDate "2003.09.09"]

1. c4 Nf6 2. Nc3 g6 3. Nf3 d5 4. d4 Bg7 5. Qb3 c6 6. cxd5 Nxd5 7. e4 Nb6 8. Be3
Be6 9. Qc2 N8d7 10. Be2 O-O 11. O-O Nf6 12. Ne5 Nfd7 13. Nd3 Bc4 14. a4 a5 15.
Rad1 e6 16. Nc5 Bxe2 17. Nxe2 Qc7 18. Rd3 Rad8 19. Bf4 e5 20. Bg5 Rc8 21. b4
exd4 22. Bf4 Be5 23. Bxe5 Nxe5 24. Rxd4 axb4 25. Rxb4 Ned7 26. Rfb1 Nxc5 27.
Qxc5 Nd7 28. Qe3 b6 29. f4 f6 30. f5 Qe5 31. Rd1 Rf7 32. Nd4 c5 33. Nf3 Qe8 34.
fxg6 hxg6 35. Rc4 Qe6 36. Rd5 Ra8 37. Qb3 Kg7 38. h3 Nf8 39. Rd1 Rfa7 40. Qc2
Qe8 41. e5 fxe5 42. Rb1 Qe6 43. Re1 Nd7 44. Rf4 Rf8 45. Rxf8 Kxf8 46. Ng5 Qc6
47. Qc4 Nf6 48. a5 b5 49. Qh4 Kg8 50. Rxe5 Qd7 51. Re6 Kg7 52. Qf2 Qd4 53. Re3
Qd6 54. Re1 Re7 55. Kh1 c4 56. Rxe7+ Qxe7 57. a6 c3 58. a7 c2 59. Qxc2 Qxa7 60.
Ne6+ Kh8 1/2-1/2

[Event "2MCRE_F"]
[Site "?"]
[Date "2003.??.??"]
[Round "?"]
[White "Firla, Stanislav"]
[Black "Pravec, Ladislav"]
[Result "0-1"]
[WhiteElo "2344"]
[BlackElo "2302"]
[PlyCount "120"]
[EventDate "2003.??.??"]
[EventType "corr"]
[SourceDate "2003.09.09"]

1. e4 c5 2. Nf3 Nc6 3. d4 cxd4 4. Nxd4 Nf6 5. Nc3 d6 6. f3 Nxd4 7. Qxd4 g6 8.
Be3 Bg7 9. O-O-O O-O 10. Qd2 Be6 11. Kb1 Qc7 12. g4 Rfc8 13. h4 Qa5 14. Nd5
Qxd2 15. Rxd2 Nxd5 16. exd5 Bd7 17. h5 Re8 18. Bf4 a5 19. Bd3 a4 20. a3 Ra5 21.
hxg6 hxg6 22. Bf1 Bb5 23. c4 Bd7 24. Rdh2 Ra6 25. Bh6 Be5 26. f4 Bf6 27. Bd3
Rb6 28. Bg5 Bg7 29. f5 Rb3 30. Be4 Rg3 31. fxg6 f5 32. Bc2 Rxg4 33. Rh5 Rxc4
34. Be3 Rf8 35. Re1 Rg4 36. Bg5 Re8 37. Rxe7 Rxe7 38. Bxe7 f4 39. Rg5 f3 40.
Rxg4 Bxg4 41. Bxa4 f2 42. Bb5 Bh3 43. Bxd6 f1=Q+ 44. Bxf1 Bxf1 45. a4 Bd3+ 46.
Ka2 Be4 47. Ka3 Bxd5 48. b4 Bf6 49. b5 Kg7 50. a5 Kxg6 51. Bc5 Bd8 52. Kb4 Kf6
53. Ka4 Bc7 54. Kb4 Bf3 55. Bd4+ Ke6 56. Be3 Kd5 57. Bf2 Bd6+ 58. Kc3 Bc5 59.
Be1 Bd4+ 60. Kb4 Be3 0-1

[Event "2MCRE_F"]
[Site "?"]
[Date "2003.??.??"]
[Round "?"]
[White "Vozda, Jindrich"]
[Black "Sykora, Josef"]
[Result "1-0"]
[WhiteElo "2494"]
[BlackElo "2365"]
[PlyCount "103"]
[EventDate "2003.??.??"]
[EventType "corr"]
[SourceDate "2003.09.09"]

1. e4 c6 2. d4 d5 3. exd5 cxd5 4. c4 Nf6 5. Nc3 e6 6. Nf3 Bb4 7. cxd5 Nxd5 8.
Bd2 Nc6 9. Bd3 Be7 10. O-O O-O 11. a3 Bf6 12. Qc2 g6 13. Bh6 Re8 14. Rad1 Nxc3
15. bxc3 Bd7 16. Rfe1 Rc8 17. Qd2 Ne7 18. Ne5 b5 19. Rb1 a6 20. a4 Bxe5 21.
dxe5 Qa5 22. Rbc1 bxa4 23. Qf4 Nd5 24. Qh4 Rxc3 25. Bd2 Rec8 26. Rxc3 Rxc3 27.
Be4 Rh3 28. Qg5 Rh5 29. Qxh5 Qxd2 30. Qd1 Qxd1 31. Rxd1 Bb5 32. Ra1 f6 33. exf6
Kf7 34. Bc2 Nb6 35. g4 Kxf6 36. h4 Ke5 37. Re1+ Kd6 38. g5 Nd5 39. Ra1 Kc5 40.
Bxa4 Kd4 41. Bd1 Nf4 42. Bg4 Bc4 43. Kh2 Kc5 44. Kg3 e5 45. Bc8 Kb6 46. Re1 Nd3
47. Rb1+ Kc6 48. Bb7+ Kc5 49. Be4 a5 50. h5 Nf4 51. h6 Bb5 52. Bc2 1-0

[Event "2MCRE_F"]
[Site "?"]
[Date "2003.??.??"]
[Round "?"]
[White "Priesol, Daniel"]
[Black "Koci, Vladimir"]
[Result "1-0"]
[WhiteElo "2304"]
[BlackElo "2243"]
[PlyCount "125"]
[EventDate "2003.??.??"]
[EventType "corr"]
[SourceDate "2003.09.09"]

1. e4 g6 2. d4 Bg7 3. Nc3 d6 4. Be3 c6 5. Qd2 b5 6. f3 Nd7 7. Nh3 Bb7 8. Nf2 a5
9. Bd3 Ngf6 10. O-O Qc7 11. Ne2 b4 12. Rfc1 O-O 13. c3 Qb6 14. cxb4 axb4 15. a3
bxa3 16. bxa3 Ba6 17. a4 Bxd3 18. Nxd3 Rfc8 19. a5 Qa7 20. Bf2 c5 21. e5 Ne8
22. dxc5 dxc5 23. f4 e6 24. Qa2 Rc7 25. Qc4 Rac8 26. Ng3 Qa8 27. Ne4 Bf8 28. h3
Ra7 29. Be1 Nc7 30. Bd2 Na6 31. Rab1 Nab8 32. Rd1 Nc6 33. Nc1 Nd4 34. Qd3 Nf5
35. Be1 c4 36. Qe2 Kg7 37. g4 Ne7 38. Nd6 Rc6 39. Nxc4 Nd5 40. Bd2 Rac7 41. Nd6
Rc2 42. Qf3 Qa7+ 43. Kh1 Bxd6 44. exd6 R7c4 45. Nd3 Rd4 46. Rbc1 Ra2 47. f5 Qb8
48. fxe6 fxe6 49. Ra1 Rxa1 50. Rxa1 e5 51. Rf1 Qe8 52. Qe2 N5f6 53. Kh2 Qc8 54.
Nf2 Qc4 55. Qxc4 Rxc4 56. Ra1 Rc2 57. Be1 Ne4 58. Kg1 Nxf2 59. Bxf2 Kf6 60. a6
Rc8 61. a7 Ra8 62. Ra6 Ke6 63. g5 1-0

[Event "2MCRE_F"]
[Site "?"]
[Date "2003.??.??"]
[Round "?"]
[White "Koci, Vladimir"]
[Black "Hybl, Vladislav"]
[Result "1/2-1/2"]
[WhiteElo "2243"]
[BlackElo "2309"]
[PlyCount "115"]
[EventDate "2003.??.??"]
[EventType "corr"]
[SourceDate "2003.09.09"]

1. d4 Nf6 2. Nf3 d6 3. Bf4 g6 4. e3 Bg7 5. Nbd2 O-O 6. c3 Nbd7 7. Be2 c5 8. h3
b6 9. O-O Bb7 10. Re1 Re8 11. Bc4 e5 12. dxe5 dxe5 13. Bg3 Qe7 14. e4 Nh5 15.
Bh2 Bh6 16. Qb3 a6 17. Rad1 Nf4 18. Bf1 b5 19. Nc4 Red8 20. Na5 Rab8 21. Nxb7
Rxb7 22. Bxf4 Bxf4 23. Qd5 Rdb8 24. Qd6 Qxd6 25. Rxd6 Ra8 26. Red1 Raa7 27. g3
Bh6 28. h4 Bf8 29. R6d5 Nf6 30. Rd8 Rd7 31. Nxe5 Rxd1 32. Rxd1 Nxe4 33. Bg2 Nd6
34. g4 Kg7 35. f4 f6 36. Nc6 Ra8 37. Kf2 Re8 38. g5 Ne4+ 39. Bxe4 Rxe4 40. Kf3
Re6 41. Nd8 Rd6 42. Rxd6 Bxd6 43. Ke4 c4 44. Kd5 fxg5 45. hxg5 Bb8 46. Kc6 Kg8
47. Ne6 Ba7 48. Kb7 Be3 49. Kxa6 Kf7 50. Nd8+ Ke7 51. Nc6+ Kd6 52. Kxb5 Bxf4
53. Nd4 Bxg5 54. Kxc4 h5 55. Nf3 Bc1 56. b4 g5 57. Kd3 g4 58. Nd4 1/2-1/2

[Event "2MCRE_F"]
[Site "?"]
[Date "2003.??.??"]
[Round "?"]
[White "Vozda, Jindrich"]
[Black "Koci, Vladimir"]
[Result "1-0"]
[WhiteElo "2494"]
[BlackElo "2243"]
[PlyCount "123"]
[EventDate "2003.??.??"]
[EventType "corr"]
[SourceDate "2003.09.09"]

1. e4 g6 2. d4 Bg7 3. Nc3 d6 4. Bg5 c6 5. Qd2 b5 6. a3 Qc7 7. Nf3 Nd7 8. Be2
Bb7 9. O-O Ngf6 10. Bh6 O-O 11. Bxg7 Kxg7 12. Qg5 h6 13. Qe3 e5 14. Rad1 a5 15.
dxe5 dxe5 16. Nd2 Rad8 17. Nb3 a4 18. Nc5 Nxc5 19. Qxc5 Nd7 20. Qe3 Qb6 21. Qg3
Qc5 22. Rd3 Nf6 23. Rfd1 Rxd3 24. Qxd3 b4 25. Nxa4 Qa5 26. b3 bxa3 27. Qc3 Qxc3
28. Nxc3 Ra8 29. Ra1 Ne8 30. f3 Nc7 31. Nb1 Nb5 32. Bxb5 cxb5 33. Rxa3 Rd8 34.
Kf2 Rd1 35. Ra7 Rxb1 36. Rxb7 Rc1 37. Rc7 b4 38. g4 Kf6 39. h4 Ke6 40. Rc6+ Kd7
41. Rc4 Kd6 42. Ke3 h5 43. Kd2 Rf1 44. Ke2 Rc1 45. g5 Kd7 46. Kf2 Kd6 47. Kg2
Kd7 48. Rxb4 Rxc2+ 49. Kg3 Rb2 50. Rb7+ Ke6 51. b4 Rb3 52. b5 f5 53. Rb6+ Ke7
54. exf5 gxf5 55. Rb7+ Kf8 56. Kf2 f4 57. b6 Kg8 58. Ke2 Re3+ 59. Kd2 Rb3 60.
Kc2 Rb4 61. Kc3 Rb1 62. Kd3 1-0

[Event "2MCRE_F"]
[Site "?"]
[Date "2003.??.??"]
[Round "?"]
[White "Privoznik, Lubos"]
[Black "Firla, Stanislav"]
[Result "1/2-1/2"]
[WhiteElo "2249"]
[BlackElo "2344"]
[PlyCount "124"]
[EventDate "2003.??.??"]
[EventType "corr"]
[SourceDate "2003.09.09"]

1. Nf3 d5 2. c4 d4 3. g3 c5 4. d3 Nc6 5. Bg2 e5 6. O-O Nf6 7. Na3 Bd6 8. Bg5
O-O 9. Nd2 Be7 10. Qb3 Na5 11. Qc2 Bd7 12. e3 Nc6 13. Qb3 Rb8 14. Nc2 h6 15.
Bxf6 Bxf6 16. Rae1 Qa5 17. Re2 Bg4 18. Bf3 Bxf3 19. Nxf3 b5 20. cxb5 Rxb5 21.
Qc4 Qb6 22. b3 Na5 23. Qa4 e4 24. Nfe1 Nc6 25. Na3 Rb4 26. Nc4 Rxa4 27. Nxb6
axb6 28. bxa4 exd3 29. Nxd3 c4 30. Rc2 Na5 31. Nf4 d3 32. Nxd3 cxd3 33. Rd2 Nc4
34. Rxd3 Ra8 35. Rc1 Rxa4 36. Rc2 g6 37. Kg2 Kf8 38. e4 Ke7 39. f4 Ke6 40. Kf3
Be7 41. Rdc3 b5 42. Rd3 Ra5 43. Rd5 f5 44. Rd3 fxe4+ 45. Kxe4 Ra4 46. Kf3 Kf6
47. h3 Ra7 48. g4 g5 49. Rb3 gxf4 50. Rxb5 Ra4 51. Rf5+ Kg6 52. Rxf4 Ne5+ 53.
Kg3 Bh4+ 54. Kxh4 Rxf4 55. Re2 Nd7 56. Re6+ Nf6 57. Ra6 Rf3 58. a4 Ra3 59. a5
Ra1 60. Ra7 Ra4 61. Ra8 Ra2 62. Ra7 Ra3 1/2-1/2

[Event "2MCRE_F"]
[Site "?"]
[Date "2003.??.??"]
[Round "?"]
[White "Firla, Stanislav"]
[Black "Vozda, Jindrich"]
[Result "1/2-1/2"]
[WhiteElo "2344"]
[BlackElo "2494"]
[PlyCount "121"]
[EventDate "2003.??.??"]
[EventType "corr"]
[SourceDate "2003.09.09"]

1. e4 e6 2. d4 d5 3. Nd2 c5 4. Ngf3 cxd4 5. exd5 Qxd5 6. Bc4 Qd6 7. O-O Nf6 8.
Nb3 Nc6 9. Nbxd4 Nxd4 10. Nxd4 Be7 11. b3 Bd7 12. a4 Qc7 13. Bb2 O-O 14. Qe2
Bd6 15. h3 a6 16. Nf3 Bc6 17. Rad1 Rfd8 18. Ne5 Bd5 19. Bxd5 Nxd5 20. c4 Nf6
21. Rd3 Be7 22. Bd4 Rd6 23. Ng4 Nd7 24. Rfd1 Rd8 25. b4 b6 26. Ne3 Bf6 27. Bb2
Rxd3 28. Rxd3 Bxb2 29. Qxb2 Rc8 30. Qd4 Ne5 31. Rd1 h6 32. b5 axb5 33. cxb5 Ng6
34. Qd7 Qb8 35. a5 Nf8 36. Qd2 bxa5 37. Qxa5 Rc5 38. Rb1 Nd7 39. Qb4 Rc8 40.
Qd4 Nb6 41. Rd1 Rc7 42. Qh4 Rc8 43. g3 Re8 44. Qe4 Rc8 45. Rd4 Rc3 46. Kh2 Qc7
47. Qb1 Rc5 48. Qd3 f5 49. Qb3 Qe5 50. Rd8+ Kh7 51. Re8 Rxb5 52. Qxe6 Qxe6 53.
Rxe6 Nd7 54. Re7 Nf6 55. Kg2 Nd5 56. Nxd5 Rxd5 57. h4 h5 58. Kf3 Kg6 59. Re6+
Kf7 60. Ra6 Rd4 61. Rb6 1/2-1/2

[Event "2MCRE_F"]
[Site "?"]
[Date "2003.??.??"]
[Round "?"]
[White "Priesol, Daniel"]
[Black "Firla, Stanislav"]
[Result "0-1"]
[WhiteElo "2304"]
[BlackElo "2344"]
[PlyCount "138"]
[EventDate "2003.??.??"]
[EventType "corr"]
[SourceDate "2003.09.09"]

1. e4 c5 2. Nf3 d6 3. d4 cxd4 4. Nxd4 Nf6 5. Nc3 a6 6. Bg5 e6 7. f4 Qb6 8. Nb3
Nbd7 9. Qf3 Qa7 10. Bh4 b5 11. Bd3 Be7 12. Bf2 Qc7 13. O-O Bb7 14. Rad1 O-O 15.
a3 Nc5 16. Nd4 h6 17. Rfe1 Rac8 18. Re2 Rfd8 19. Ree1 h5 20. h3 Qb8 21. Re3 Rd7
22. Ree1 Nxd3 23. Qxd3 Qa8 24. Re2 Rxc3 25. Qxc3 Bxe4 26. Bh4 Bd8 27. Qe1 Bd5
28. b3 Qa7 29. Kh2 Qc5 30. b4 Qc4 31. Re3 Bb7 32. Red3 Rc7 33. Qe2 Be7 34. Bxf6
Bxf6 35. R1d2 Rc8 36. Qe3 h4 37. Nf3 Bd5 38. Nd4 Qc7 39. Nf3 Bxf3 40. Qxf3 d5
41. Kh1 g6 42. Re2 Qd6 43. Qf1 Rc4 44. Rf3 Qc7 45. Qc1 Bg7 46. Ref2 Bd4 47. Re2
Ba7 48. c3 Bd4 49. f5 gxf5 50. g4 f4 51. Qxf4 Qxf4 52. Rxf4 Bxc3 53. Rf3 Bd4
54. Kg2 Kg7 55. Ra2 Kg6 56. Kf1 Be5 57. Raf2 f6 58. Re2 Rc6 59. Rfe3 Kg5 60.
Kg2 d4 61. Rd3 Rc1 62. Rf3 Rd1 63. Rc2 Bf4 64. Rc8 e5 65. Rd8 Rc1 66. Rg8+ Kh6
67. Rh8+ Kg6 68. Rg8+ Kf7 69. Ra8 Bg5 0-1

[Event "2MCRE_F"]
[Site "?"]
[Date "2003.??.??"]
[Round "?"]
[White "Vozda, Jindrich"]
[Black "Pravec, Ladislav"]
[Result "1/2-1/2"]
[WhiteElo "2494"]
[BlackElo "2302"]
[PlyCount "152"]
[EventDate "2003.??.??"]
[EventType "corr"]
[SourceDate "2003.09.09"]

1. e4 c5 2. Nf3 Nc6 3. d4 cxd4 4. Nxd4 Nf6 5. Nc3 d6 6. Bc4 e6 7. Be3 a6 8. Bb3
Qc7 9. O-O Be7 10. f4 O-O 11. f5 Nxd4 12. Bxd4 b5 13. a3 Rb8 14. Qd3 b4 15.
axb4 Rxb4 16. fxe6 fxe6 17. Ne2 a5 18. Kh1 Bd7 19. Nf4 d5 20. Bxf6 Bxf6 21.
exd5 Rxf4 22. Rxf4 Qxf4 23. dxe6 Bxe6 24. Bxe6+ Kh8 25. c3 Rd8 26. Qf3 Qd2 27.
Rb1 Rd3 28. Qf1 Rd8 29. Bb3 Rb8 30. Qf3 h6 31. Bc4 Rd8 32. Qf5 Qd7 33. Qh5 Qd2
34. Rf1 a4 35. Qg6 Be7 36. Qe4 Bc5 37. g3 Qg5 38. Bd3 Qd5 39. Qxd5 Rxd5 40. Bg6
Rd8 41. Rf4 a3 42. bxa3 Bxa3 43. Kg2 Rc8 44. Ra4 Bb2 45. c4 Kg8 46. Ra7 Bd4 47.
Re7 Bf6 48. Re6 Bd4 49. Re4 Bc5 50. Kf3 Bd6 51. h4 Rc5 52. Re6 Bf8 53. Bd3 Kf7
54. Ra6 Ke7 55. Ra8 g5 56. h5 Rc7 57. g4 Bg7 58. Ra6 Rc5 59. Ra7+ Kf8 60. Ke3
Be5 61. Rd7 Rc6 62. Ke4 Rd6 63. Rb7 Bd4 64. Rc7 Bc3 65. Bc2 Ke8 66. c5 Rd4+ 67.
Kf5 Kd8 68. Rc6 Rf4+ 69. Kg6 Rxg4 70. Kxh6 Kd7 71. Rd6+ Kc7 72. Kg6 Rd4 73. Re6
Rc4 74. Bf5 Rxc5 75. Re7+ Kd8 76. Rd7+ Ke8 1/2-1/2

[Event "2MCRE_F"]
[Site "?"]
[Date "2003.??.??"]
[Round "?"]
[White "Privoznik, Lubos"]
[Black "Vozda, Jindrich"]
[Result "1/2-1/2"]
[WhiteElo "2249"]
[BlackElo "2494"]
[PlyCount "155"]
[EventDate "2003.??.??"]
[EventType "corr"]
[SourceDate "2003.09.09"]

1. Nf3 Nf6 2. c4 b6 3. d4 e6 4. a3 Bb7 5. Nc3 d5 6. Bg5 Be7 7. Qa4+ Bc6 8. Qb3
dxc4 9. Qxc4 a6 10. Qd3 Bb7 11. e4 O-O 12. Rd1 Nbd7 13. Be2 c5 14. O-O c4 15.
Qc2 b5 16. Bf4 Qb6 17. Ne5 Rfd8 18. Be3 Rac8 19. f4 a5 20. Bf3 b4 21. axb4 axb4
22. Ne2 Qb5 23. Ra1 b3 24. Qb1 Bb4 25. Bf2 Ne8 26. Qc1 Nd6 27. d5 Nc5 28. Nd4
Qe8 29. Qe3 exd5 30. exd5 Nd3 31. Nxd3 Qxe3 32. Bxe3 cxd3 33. Ra4 Rc4 34. Nxb3
Bd2 35. Bxd2 Rxa4 36. Nc5 Rc4 37. Nxb7 Nxb7 38. Rd1 Rc2 39. Bc3 Nc5 40. h4 Rb8
41. Kh2 Kf8 42. h5 Rb6 43. f5 f6 44. h6 gxh6 45. Kg3 Ke7 46. Kh4 Rbxb2 47. Bxb2
Rxb2 48. Kh5 Kd6 49. Kxh6 Rb7 50. Re1 Ra7 51. Rc1 d2 52. Rd1 Nb3 53. g4 Re7 54.
g5 fxg5 55. Kxg5 Ke5 56. Bg4 Rd7 57. Be2 Rg7+ 58. Kh5 Rg2 59. Bd3 Nc5 60. Bc2
Nd7 61. Kh4 Kxd5 62. Kh3 Re2 63. Kg3 Ne5 64. f6 Kd4 65. Ba4 Kc3 66. Rb1 Re1 67.
Rb3+ Kc4 68. Rb7 Rf1 69. Kg2 Rxf6 70. Rxh7 Rf4 71. Bd1 Re4 72. Rh8 Re1 73. Kf2
Nd3+ 74. Kf3 Re5 75. Ra8 Nc5 76. Rd8 Kc3 77. Rc8 Kb2 78. Rc6 1/2-1/2

[Event "2MCRE_F"]
[Site "?"]
[Date "2003.??.??"]
[Round "?"]
[White "Pytlik, Lesek"]
[Black "Hybl, Vladislav"]
[Result "1/2-1/2"]
[WhiteElo "2316"]
[BlackElo "2309"]
[PlyCount "32"]
[EventDate "2003.??.??"]
[EventType "corr"]
[SourceDate "2003.09.09"]

1. e4 e6 2. d4 d5 3. Nc3 dxe4 4. Nxe4 Nd7 5. Bd3 Ngf6 6. Nf3 Nxe4 7. Bxe4 Nf6
8. Bg5 Qd6 9. Bxf6 gxf6 10. c3 f5 11. Bc2 Bd7 12. Ne5 Bg7 13. Nxd7 Qxd7 14. Qh5
O-O-O 15. O-O-O c6 16. Kb1 Bf6 1/2-1/2

[Event "2MCRE_F"]
[Site "?"]
[Date "2003.??.??"]
[Round "?"]
[White "Priesol, Daniel"]
[Black "Pytlik, Lesek"]
[Result "1/2-1/2"]
[WhiteElo "2304"]
[BlackElo "2316"]
[PlyCount "53"]
[EventDate "2003.??.??"]
[EventType "corr"]
[SourceDate "2003.09.09"]

1. d4 Nf6 2. c4 g6 3. Nc3 Bg7 4. e4 d6 5. Be2 O-O 6. Nf3 e5 7. O-O Nc6 8. d5
Ne7 9. b4 Nh5 10. Re1 f5 11. Ng5 Nf6 12. Bf3 c6 13. Be3 f4 14. Bc1 h6 15. Ne6
Bxe6 16. dxe6 Nc8 17. b5 Qe7 18. bxc6 bxc6 19. c5 dxc5 20. Ba3 Nb6 21. Na4 Rfd8
22. Qc2 Nxa4 23. Qxa4 Qxe6 24. Bxc5 Nd7 25. Rec1 Nxc5 26. Rxc5 Rd4 27. Qxc6
1/2-1/2

[Event "2MCRE_F"]
[Site "?"]
[Date "2003.??.??"]
[Round "?"]
[White "Pytlik, Lesek"]
[Black "Prepiora, Vaclav"]
[Result "1/2-1/2"]
[WhiteElo "2316"]
[BlackElo "2362"]
[PlyCount "61"]
[EventDate "2003.??.??"]
[EventType "corr"]
[SourceDate "2003.09.09"]

1. e4 c5 2. Nf3 d6 3. d4 cxd4 4. Nxd4 Nf6 5. Nc3 Nc6 6. Bg5 e6 7. Qd2 a6 8.
O-O-O h6 9. Be3 Be7 10. f4 Nxd4 11. Bxd4 b5 12. Qe3 Bb7 13. Bxf6 Bxf6 14. e5
Be7 15. exd6 Bxd6 16. Ne4 Bxe4 17. Qxe4 O-O 18. Bd3 g6 19. h4 Qf6 20. Rdf1 Qf5
21. Qe3 Qc5 22. Qd2 Rad8 23. Kb1 Be7 24. g4 Qd4 25. f5 Bf6 26. Qc1 g5 27. fxe6
fxe6 28. Re1 Rd6 29. Re4 Qf2 30. hxg5 Bxg5 31. Qd1 1/2-1/2

[Event "2MCRE_F"]
[Site "?"]
[Date "2003.??.??"]
[Round "?"]
[White "Pytlik, Lesek"]
[Black "Brousek, Jiri"]
[Result "1/2-1/2"]
[WhiteElo "2316"]
[BlackElo "2361"]
[PlyCount "78"]
[EventDate "2003.??.??"]
[EventType "corr"]
[SourceDate "2003.09.09"]

1. e4 e6 2. d4 d5 3. Nc3 dxe4 4. Nxe4 Bd7 5. Bd3 Bc6 6. Nf3 Nd7 7. O-O Ngf6 8.
Ng3 Be7 9. Qe2 O-O 10. Ne5 Nxe5 11. dxe5 Nd7 12. Rd1 Qc8 13. c4 a5 14. Bd2 Rd8
15. Bc3 Nf8 16. Qg4 Ng6 17. Ne2 b6 18. Nd4 Bb7 19. Nb5 Bb4 20. Qg3 Qd7 21. h4
Qe7 22. h5 Nh4 23. h6 g5 24. Bf1 Nf5 25. Qh3 Bc5 26. Bd2 Bb4 27. Bxb4 axb4 28.
a3 Rxd1 29. Rxd1 bxa3 30. Nxa3 Rd8 31. Rd3 Rxd3 32. Bxd3 Qb4 33. Qg4 Qe1+ 34.
Bf1 Qd2 35. Nb5 Nxh6 36. Qh5 Kg7 37. Nxc7 Bc6 38. b4 Qf4 39. g3 Qxe5 1/2-1/2

[Event "2MCRE_F"]
[Site "?"]
[Date "2003.??.??"]
[Round "?"]
[White "Pytlik, Lesek"]
[Black "Pravec, Ladislav"]
[Result "1/2-1/2"]
[WhiteElo "2316"]
[BlackElo "2302"]
[PlyCount "59"]
[EventDate "2003.??.??"]
[EventType "corr"]
[SourceDate "2003.09.09"]

1. e4 c5 2. Nf3 Nc6 3. d4 cxd4 4. Nxd4 Nf6 5. Nc3 d6 6. Bg5 Qb6 7. Nb3 e6 8.
Be2 Be7 9. O-O O-O 10. a4 Qc7 11. a5 h6 12. Bf4 Rd8 13. Qd3 Ne5 14. Qg3 Ng6 15.
Be3 e5 16. f4 exf4 17. Bxf4 Nxf4 18. Qxf4 Be6 19. Kh1 Rac8 20. Bd3 d5 21. Qxc7
Rxc7 22. e5 Nd7 23. Nb5 Rcc8 24. Rfe1 a6 25. N5d4 Nc5 26. Nxc5 Bxc5 27. c3 Bxd4
28. cxd4 Rc6 29. Rec1 Rdc8 30. Rxc6 1/2-1/2

[Event "2MCRE_F"]
[Site "?"]
[Date "2003.??.??"]
[Round "?"]
[White "Thoma, Otomar"]
[Black "Pytlik, Lesek"]
[Result "0-1"]
[WhiteElo "2206"]
[BlackElo "2316"]
[PlyCount "78"]
[EventDate "2003.??.??"]
[EventType "corr"]
[SourceDate "2003.09.09"]

1. e4 e5 2. Nf3 Nc6 3. Bb5 a6 4. Ba4 Nf6 5. O-O Be7 6. Re1 b5 7. Bb3 O-O 8. c3
d6 9. h3 Na5 10. Bc2 c5 11. d4 Qc7 12. Nbd2 cxd4 13. cxd4 Bb7 14. d5 Rac8 15.
Bb1 Nd7 16. Nf1 f5 17. exf5 Nc4 18. Ng3 Ncb6 19. f6 Bxf6 20. Be4 Nc5 21. Bf5
Nxd5 22. Bxc8 Qxc8 23. Ng5 Qc6 24. f3 Nb4 25. Re2 d5 26. Bd2 Nbd3 27. Qc2 h6
28. b4 e4 29. Rf1 Bd4+ 30. Kh1 hxg5 31. bxc5 Bxc5 32. Bxg5 Qc7 33. Kh2 Qb8 34.
f4 Bd6 35. Qb3 Nc5 36. Qb2 Ne6 37. Nh5 Qc7 38. Bh4 d4 39. Kh1 d3 0-1

[Event "2MCRE_F"]
[Site "?"]
[Date "2003.??.??"]
[Round "?"]
[White "Pytlik, Lesek"]
[Black "Postl, Rostislav"]
[Result "1/2-1/2"]
[WhiteElo "2316"]
[BlackElo "2251"]
[PlyCount "103"]
[EventDate "2003.??.??"]
[EventType "corr"]
[SourceDate "2003.09.09"]

1. e4 e5 2. Nf3 Nc6 3. Bb5 a6 4. Ba4 Nf6 5. O-O Be7 6. Re1 b5 7. Bb3 d6 8. c3
O-O 9. h3 Na5 10. Bc2 c5 11. d4 Qc7 12. Nbd2 cxd4 13. cxd4 Bb7 14. Nf1 Rac8 15.
Bb1 exd4 16. Nxd4 Rfe8 17. Ng3 d5 18. e5 Bb4 19. Bf5 Ra8 20. Re2 Ne4 21. Bf4
Nc4 22. Nf3 Bc5 23. Nxe4 dxe4 24. Bxe4 Bxe4 25. Rxe4 Rad8 26. Qc2 Nd2 27. Re3
Nxf3+ 28. Rxf3 Qb6 29. Rd1 Rd4 30. Rxd4 Bxd4 31. Be3 Bxe3 32. Rxe3 Qe6 33. a4
Rc8 34. Qe4 bxa4 35. Qxa4 h6 36. b3 Rb8 37. Kh2 Rb6 38. f4 Rb8 39. Rc3 Qf5 40.
Rf3 Qe6 41. Rd3 Qf5 42. Rd4 Qe6 43. Rd6 Qxb3 44. Rxa6 Qd3 45. Ra8 Rxa8 46.
Qxa8+ Kh7 47. Qc6 h5 48. h4 f6 49. e6 Qe3 50. Qf3 Qxe6 51. f5 Qe8 52. Kh3
1/2-1/2

[Event "2MCRE_F"]
[Site "?"]
[Date "2003.??.??"]
[Round "?"]
[White "Alexa, Jaroslav"]
[Black "Pytlik, Lesek"]
[Result "1/2-1/2"]
[WhiteElo "2362"]
[BlackElo "2316"]
[PlyCount "66"]
[EventDate "2003.??.??"]
[EventType "corr"]
[SourceDate "2003.09.09"]

1. d4 Nf6 2. c4 g6 3. Nc3 Bg7 4. e4 d6 5. f3 O-O 6. Be3 Nc6 7. Nge2 a6 8. Qd2
Rb8 9. Nc1 e5 10. d5 Nd4 11. Nb3 Nxb3 12. axb3 Ne8 13. Bd3 f5 14. exf5 gxf5 15.
b4 Qh4+ 16. Bf2 Qh5 17. O-O Bd7 18. Kh1 Nf6 19. c5 Bh6 20. Qe2 e4 21. fxe4 Qxe2
22. Bxe2 Nxe4 23. Nxe4 fxe4 24. Bg3 Rxf1+ 25. Rxf1 Rd8 26. cxd6 cxd6 27. Rf6
Bd2 28. Bxd6 Bg5 29. Rf1 Bb5 30. Rf5 Bf6 31. Rxf6 Bxe2 32. Re6 Bc4 33. Rxe4
Bxd5 1/2-1/2

[Event "2MCRE_F"]
[Site "?"]
[Date "2003.??.??"]
[Round "?"]
[White "Kohler, Josef"]
[Black "Pytlik, Lesek"]
[Result "0-1"]
[WhiteElo "2256"]
[BlackElo "2316"]
[PlyCount "64"]
[EventDate "2003.??.??"]
[EventType "corr"]
[SourceDate "2003.09.09"]

1. c4 Nf6 2. d4 g6 3. Nc3 Bg7 4. e4 d6 5. Nf3 O-O 6. Be2 e5 7. O-O Nc6 8. d5
Ne7 9. Nd2 Ne8 10. b4 f5 11. c5 f4 12. f3 h5 13. Bc4 h4 14. b5 Kh7 15. c6 bxc6
16. bxc6 a6 17. Qe2 h3 18. Rb1 Nf6 19. gxh3 Bxh3 20. Rf2 Qc8 21. Qd1 g5 22. Bf1
Ng6 23. Bxh3 Qxh3 24. Rb7 Rf7 25. Qf1 Qh4 26. Ba3 Kg8 27. Qe2 Qh3 28. Bb4 g4
29. Ba5 g3 30. Rf1 Nh4 31. Bxc7 Ng4 32. fxg4 f3 0-1